000 00561nam a2200193Ia 4500
005 20260120131259.0
008 008 260114s9999 xx 000 0 eng d
020 _a9780191815041
037 _aEBOOK
040 _aCRL
_beng
_cCRL
041 _aeng
_2eng
084 _qCRL
100 _aTogan
_9925104
245 4 _aThe Liberalization of Transportation Services in the EU and Turkey
260 _bOxford University PressOxford University Press
_c2016
856 _uhttps://academic.oup.com/book/3466
942 _cEBOOK
999 _c1517018
_d1517018